[Event "Moscow Open 2009 B"]
[Site "www.moscowchessopen.ru"]
[Date "2009.02.08"]
[Round "9.44"]
[White "Kuznesov, Andrei"]
[Black "Malyshev, Roman"]
[Result "1/2-1/2"]
[WhiteElo "2286"]
[BlackElo "2154"]
[Annotator ""]
[Source ""]
[Remark ""]

1.e4 c5 2.Nf3 Nc6 3.d4 cxd4 4.Nxd4 Nf6 5.Nc3 d6 6.g3 Bg4 7.f3
Nxd4 8.fxg4 Nc6 9.g5 Nd7 10.Bg2 g6 11.O-O Bg7 12.Nd5 O-O 13.Rb1
a6 14.c3 e6 15.Ne3 Nde5 16.h4 b5 17.Ng4 Nxg4 18.Qxg4 Ne5 19.Qe2
Rb8 20.Be3 Qc7 21.Rbd1 Rfd8 22.Bd4 a5 23.b3 b4 24.Rc1 Rdc8 25.Kh2
Qb7 26.Rfd1 Rc6 27.c4 Qa6 28.Kh3 a4 29.Qb2 axb3 30.axb3 Qa3 31.Ra1
Qxb2 32.Bxb2 1/2-1/2

[Event "Moscow Open 2009 B"]
[Site "www.moscowchessopen.ru"]
[Date "2009.02.08"]
[Round "9.45"]
[White "Bronnikov, Konstantin"]
[Black "Rublev, Sergey"]
[Result "1-0"]
[WhiteElo "2285"]
[BlackElo "2128"]
[Annotator ""]
[Source ""]
[Remark ""]

1.e4 e5 2.Nf3 Nc6 3.Nc3 Nf6 4.Bb5 Bb4 5.O-O d6 6.Nd5 Bc5 7.d4
exd4 8.Bg5 Bg4 9.b4 Bb6 10.h3 Bd7 11.a4 Ne5 12.Nxe5 Bxb5 13.Ng4
Bxf1 14.Ngxf6+ gxf6 15.Bxf6 1-0

[Event "Moscow Open 2009 B"]
[Site "www.moscowchessopen.ru"]
[Date "2009.02.08"]
[Round "9.46"]
[White "Zavialov, Vladimir"]
[Black "Okun, Leonid"]
[Result "0-1"]
[WhiteElo "2157"]
[BlackElo "2277"]
[Annotator ""]
[Source ""]
[Remark ""]

1.d4 g6 2.Nf3 Bg7 3.Bf4 Nf6 4.e3 O-O 5.h3 c5 6.c3 b6 7.Nbd2 Bb7
8.Bc4 Nc6 9.O-O d6 10.Qe2 a6 11.a4 Re8 12.Rfd1 e5 13.dxe5 dxe5
14.Bg5 Qc7 15.Bxf6 Bxf6 16.Ne4 Be7 17.Nfg5 Rf8 18.Nxf7 Rxf7 19.Qg4
Nd8 20.Rd7 Qc6 21.Rxe7 Qxe4 22.Qxe4 Bxe4 23.Rd1 Kf8 24.Rxe5 Bc2
25.Rd2 Rf5 26.Rxf5+ Bxf5 27.g4 Be4 28.f3 Bc6 29.b3 Ke7 30.Kf2
Nb7 0-1

[Event "Moscow Open 2009 B"]
[Site "www.moscowchessopen.ru"]
[Date "2009.02.08"]
[Round "9.48"]
[White "Pechnikov, Artiom"]
[Black "Krivenko, Sergey"]
[Result "1-0"]
[WhiteElo "2267"]
[BlackElo "2111"]
[Annotator ""]
[Source ""]
[Remark ""]

1.e4 c5 2.Nf3 Nc6 3.d4 cxd4 4.Nxd4 Nf6 5.Nc3 d6 6.Bg5 Bd7 7.Qd2
Qa5 8.Nb3 Qc7 9.O-O-O a6 10.f4 e6 11.Be2 b5 12.Bf3 b4 13.Ne2
e5 14.Ng3 Be6 15.Nf5 Rd8 16.Ne3 Be7 17.Kb1 a5 18.Nd5 Qa7 19.f5
Bxd5 20.exd5 Nb8 21.Be3 Qc7 22.g4 Rc8 23.g5 Nfd7 24.Rhf1 Bd8
25.h4 Qb7 26.h5 Bb6 27.Bg4 Rc4 28.Bxb6 Qxb6 29.Qe2 Rc7 30.f6
gxf6 31.gxf6 Rg8 32.Bxd7+ Kxd7 33.Qe4 a4 34.Nd2 Kc8 35.Qxh7 Rg5
36.h6 1-0

[Event "Moscow Open 2009 B"]
[Site "www.moscowchessopen.ru"]
[Date "2009.02.08"]
[Round "9.49"]
[White "Litvinov, Viktor"]
[Black "Shcherbin, Matvei"]
[Result "1-0"]
[WhiteElo "2125"]
[BlackElo "2262"]
[Annotator ""]
[Source ""]
[Remark ""]

1.c4 b6 2.d4 Bb7 3.Nc3 e6 4.e3 Nf6 5.Nf3 Be7 6.Bd3 O-O 7.O-O
c5 8.Qe2 d6 9.Rd1 Nbd7 10.a3 a6 11.b4 Qc7 12.Bb2 Rac8 13.Rac1
Rfd8 14.Nd2 Qb8 15.Nde4 Qa8 16.f3 Nxe4 17.Nxe4 cxb4 18.axb4 d5
19.cxd5 exd5 20.Ng3 Bxb4 21.e4 Nf8 22.e5 Rxc1 23.Bxc1 b5 24.f4
Bc3 25.Bb1 Qc8 26.Be3 f6 27.Nf5 Qd7 28.exf6 gxf6 1-0

[Event "Moscow Open 2009 B"]
[Site "www.moscowchessopen.ru"]
[Date "2009.02.08"]
[Round "9.55"]
[White "Fedechkin, Vladimir"]
[Black "Yakimov, S Y"]
[Result "0-1"]
[WhiteElo "1976"]
[BlackElo "2212"]
[Annotator ""]
[Source ""]
[Remark ""]

1.e4 d5 2.exd5 Qxd5 3.Nc3 Qd6 4.d4 Nf6 5.Nf3 a6 6.h3 b5 7.Be3
Bb7 8.Be2 e6 9.Qd2 Nbd7 10.Bf4 Qb6 11.a3 c5 12.dxc5 Bxc5 13.O-O
O-O 14.Bd3 Rfd8 15.Rad1 Be7 16.b4 Qc6 17.Rfe1 Nb6 18.Ne2 Nc4
19.Qc1 Rac8 20.Ned4 Rxd4 21.Bxh7+ Nxh7 22.Rxd4 Bf6 23.Rde4 0-1

[Event "Moscow Open 2009 B"]
[Site "www.moscowchessopen.ru"]
[Date "2009.02.08"]
[Round "9.56"]
[White "Zimin, Alexey"]
[Black "Sakharov, Lev"]
[Result "0-1"]
[WhiteElo "2193"]
[BlackElo "2057"]
[Annotator ""]
[Source ""]
[Remark ""]

1.e4 c5 2.Nf3 d6 3.d4 cxd4 4.Nxd4 a6 5.Nc3 b5 6.a3 Bb7 7.Be2
Nf6 8.Qd3 Nbd7 9.f3 e6 10.Bg5 Be7 11.O-O O-O 12.Kh1 Rc8 13.Qe3
d5 14.Bxf6 Bxf6 15.exd5 exd5 16.Bd3 Re8 17.Qf2 Qb6 18.Nce2 Ne5
19.Bf5 Rc7 20.c3 Nc4 21.Rfe1 g6 22.Bh3 Rce7 23.Ng3 Bxd4 24.cxd4
Rxe1+ 25.Rxe1 Rxe1+ 26.Qxe1 Qxd4 27.Bg4 Qe3 28.Qb1 d4 29.h4 d3
30.Nf1 d2 31.f4 Qf2 0-1

[Event "Moscow Open 2009 B"]
[Site "www.moscowchessopen.ru"]
[Date "2009.02.08"]
[Round "9.57"]
[White "Denishev, Marat"]
[Black "Asgarov, Mushfig Nizami Oglu"]
[Result "0-1"]
[WhiteElo "2028"]
[BlackElo "2192"]
[Annotator ""]
[Source ""]
[Remark ""]

1.e4 c5 2.Nf3 d6 3.d4 cxd4 4.Nxd4 Nf6 5.Nc3 a6 6.Bg5 e6 7.Qf3
Be7 8.Be2 Qc7 9.O-O-O Nc6 10.Qg3 O-O 11.f4 Ne8 12.f5 Bxg5+ 13.Qxg5
Nf6 14.g4 b5 15.a3 Nxd4 16.Rxd4 Bb7 17.Qe3 e5 18.Rd2 Qc5 19.Qd3
b4 20.axb4 Qxb4 21.Qxd6 Qa5 22.Qa3 Qb6 23.Nd5 Bxd5 24.exd5 Ne4
25.Rd3 Nf2 26.Rb3 Qh6+ 27.Kb1 Nxh1 28.Rh3 Qd2 29.Qf3 Rfc8 30.d6
Qxc2+ 31.Ka1 Rab8 0-1

[Event "Moscow Open 2009 B"]
[Site "www.moscowchessopen.ru"]
[Date "2009.02.08"]
[Round "9.58"]
[White "Yudkevich, Mikhail"]
[Black "Piskov, Vladimir"]
[Result "0-1"]
[WhiteElo "2190"]
[BlackElo "2030"]
[Annotator ""]
[Source ""]
[Remark ""]

1.d4 d5 2.c4 e6 3.Nc3 c5 4.cxd5 cxd4 5.Qxd4 Nc6 6.Qd1 exd5 7.Qxd5
Bd7 8.Nf3 Nf6 9.Qd1 Bc5 10.e3 Qe7 11.Be2 O-O-O 12.a3 Bh3 13.Qa4
Bxg2 14.Rg1 Bxf3 15.Bxf3 Nd4 16.Bh1 Qe6 17.Kf1 Nb3 18.Rg5 Bb6
19.Rb1 Rd7 20.Nd5 Nxd5 21.Qxb3 Nxe3+ 0-1

[Event "Moscow Open 2009 B"]
[Site "www.moscowchessopen.ru"]
[Date "2009.02.08"]
[Round "9.59"]
[White "Petrov, Illarion"]
[Black "Savin, Boris"]
[Result "1-0"]
[WhiteElo "1400"]
[BlackElo "2189"]
[Annotator ""]
[Source ""]
[Remark ""]

1.e4 g6 2.d4 Bg7 3.Nf3 d6 4.h3 c6 5.Bd3 Nd7 6.O-O b5 7.Re1 Bb7
8.e5 dxe5 9.Nxe5 Ngf6 10.Qe2 e6 11.Nxf7 Kxf7 12.Qxe6+ Kf8 13.Bf4
Ne8 14.Bd6+ Nxd6 15.Qxd6+ Kf7 16.Qe6+ Kf8 17.Qd6+ Kf7 18.Nd2
Nf6 19.Qe6+ Kf8 20.Nf3 Qd7 1-0

[Event "Moscow Open 2009 B"]
[Site "www.moscowchessopen.ru"]
[Date "2009.02.08"]
[Round "9.60"]
[White "Shmatko, Dmitry"]
[Black "Trofimovsky, Alexander"]
[Result "0-1"]
[WhiteElo "1400"]
[BlackElo "2186"]
[Annotator ""]
[Source ""]
[Remark ""]

1.e4 c5 2.Nf3 d6 3.d4 cxd4 4.Nxd4 Nf6 5.Nc3 a6 6.f3 e5 7.Nb3
Be6 8.Be3 Be7 9.Qd2 Nbd7 10.O-O-O Rc8 11.Kb1 b5 12.g4 Nb6 13.h4
b4 14.Bxb6 Qxb6 15.Nd5 Bxd5 16.exd5 O-O 17.h5 Nd7 18.g5 Rc7 19.Bh3
a5 20.Bf5 a4 21.Nc1 Nc5 22.Rdg1 b3 23.cxb3 axb3 24.a3 Na4 25.g6
e4 26.gxh7+ Kh8 27.Bxe4 Bf6 28.h6 g6 29.Rg2 Nxb2 30.Qb4 Nc4 31.Qxb3
Qa7 32.Ka2 Rb8 0-1

[Event "Moscow Open 2009 B"]
[Site "www.moscowchessopen.ru"]
[Date "2009.02.08"]
[Round "9.61"]
[White "Martynov, Vladimir"]
[Black "Harutyunian, Tigran K"]
[Result "0-1"]
[WhiteElo "2184"]
[BlackElo "1980"]
[Annotator ""]
[Source ""]
[Remark ""]

1.e4 c5 2.Nf3 d6 3.d4 cxd4 4.Nxd4 Nf6 5.Nc3 g6 6.Be2 Bg7 7.O-O
O-O 8.a4 Nc6 9.Be3 d5 10.Nxc6 bxc6 11.e5 Nd7 12.f4 a5 13.g4 e6
14.g5 Rb8 15.b3 0-1

[Event "Moscow Open 2009 B"]
[Site "www.moscowchessopen.ru"]
[Date "2009.02.08"]
[Round "9.62"]
[White "Medvedev, Vladimir"]
[Black "Martynenko, Alexey"]
[Result "1-0"]
[WhiteElo "2182"]
[BlackElo "1968"]
[Annotator ""]
[Source ""]
[Remark ""]

1.d4 d5 2.Nf3 Nf6 3.Bg5 e6 4.e3 Bd6 5.Bd3 h6 6.Bh4 c5 7.c3 Nc6
8.Nbd2 Bd7 9.O-O O-O 10.Qe2 e5 11.dxe5 Nxe5 12.Nxe5 Bxe5 13.f4
Bd6 14.e4 c4 15.Bxc4 Bc5+ 16.Kh1 dxc4 17.e5 Bg4 18.Qe1 Re8 19.Ne4
Qd5 20.Bxf6 Bf5 21.Qg3 Bg6 22.Rae1 Be7 23.f5 Bxf6 24.Nxf6+ gxf6
25.fxg6 Rxe5 26.gxf7+ Kh7 27.Rxf6 Rxe1+ 28.Qxe1 Rf8 29.Qc1 Qh5
30.Qc2+ Kg7 31.Rf5 Rxf7 32.Rxf7+ Qxf7 33.h3 Qf1+ 34.Kh2 Qf4+
35.Kg1 b5 36.Qf2 Qc7 37.Qd4+ Kg6 38.Kf2 a6 39.Kf3 h5 40.Qe4+
Kg5 41.Qd5+ Kh6 42.Qe6+ Kg7 43.Qf5 Qc6+ 44.Kg3 Qd6+ 45.Kh4 Qd1
46.Qxh5 1-0

[Event "Moscow Open 2009 B"]
[Site "www.moscowchessopen.ru"]
[Date "2009.02.08"]
[Round "9.64"]
[White "Leonov, Vladislav"]
[Black "Sadikhov, Ulvi Ramil Oglu"]
[Result "1-0"]
[WhiteElo "2176"]
[BlackElo "1885"]
[Annotator ""]
[Source ""]
[Remark ""]

1.e4 c5 2.Nf3 e6 3.c3 d5 4.Bd3 Nc6 5.O-O Nf6 6.e5 Nd7 7.Bb5 Qc7
8.d4 a6 9.Ba4 b5 10.Bc2 h6 11.a3 a5 12.Re1 Nb6 13.Nbd2 c4 14.Nf1
Bb7 15.h3 O-O-O 16.Bf4 g5 17.Bh2 Be7 18.g4 h5 19.Ng3 hxg4 20.hxg4
b4 21.axb4 axb4 22.Ba4 b3 23.Bxc6 Bxc6 24.Qd2 Na4 25.Kg2 Kb7
26.Nh5 Rdg8 27.Bg3 Rxh5 28.gxh5 g4 29.Nh2 Qd8 30.Rxa4 Bxa4 31.Qf4
Rg7 32.Nxg4 Bg5 33.Qf3 Qh8 34.Nf6 Qh6 35.Rh1 Bc1 36.Ng4 Qd2 37.h6
Rh7 38.Qf6 Qxb2 39.Qe7+ Ka6 40.Qd6+ Ka7 41.Qc5+ Ka6 42.Qc8+ Ka7
43.Bh4 Qe2 44.Qc7+ Ka6 45.Qd6+ Ka7 46.Ne3 b2 47.Qc7+ Ka6 48.Qc8+
Ka7 49.Be7 b1Q 50.Bc5+ Qb6 51.Qc7+ Ka8 52.Bxb6 1-0

[Event "Moscow Open 2009 B"]
[Site "www.moscowchessopen.ru"]
[Date "2009.02.08"]
[Round "9.65"]
[White "Radomsky, Viacheslav G"]
[Black "Vavulin, Maksim"]
[Result "1-0"]
[WhiteElo "2175"]
[BlackElo "1857"]
[Annotator ""]
[Source ""]
[Remark ""]

1.Nf3 Nf6 2.g3 g6 3.Bg2 Bg7 4.c4 O-O 5.d4 d6 6.Nc3 Nbd7 7.O-O
e5 8.Qc2 c6 9.Rd1 Qe7 10.b3 exd4 11.Nxd4 Nc5 12.Bf4 Rd8 13.Rd2
Ng4 14.h3 g5 15.Bxg5 Qxg5 16.hxg4 Bxg4 17.Rad1 Rac8 18.Ne4 Nxe4
19.Bxe4 h5 20.Bf5 h4 21.Qe4 Bxf5 22.Qxf5 Qh6 23.Rd3 Kh8 24.Kg2
Qf6 25.Rh1 Qxf5 26.Nxf5 Bf6 27.Nxh4 Bxh4 28.Rxh4+ Kg7 29.Rhd4
Re8 30.Kf3 d5 31.cxd5 cxd5 32.Rxd5 Rc2 33.Rd2 1-0

[Event "Moscow Open 2009 B"]
[Site "www.moscowchessopen.ru"]
[Date "2009.02.08"]
[Round "9.66"]
[White "Remizov, Juri"]
[Black "Shabanov, Nurlan Mammad Oglu"]
[Result "1-0"]
[WhiteElo "2174"]
[BlackElo "1825"]
[Annotator ""]
[Source ""]
[Remark ""]

1.e4 c5 2.Nf3 Nc6 3.Bb5 g6 4.O-O Bg7 5.Re1 a6 6.Bxc6 dxc6 7.e5
Nh6 8.d3 O-O 9.Nc3 Nf5 10.Ne4 b6 11.c3 f6 12.Bf4 g5 13.Qb3+ Qd5
14.exf6 Qxb3 15.axb3 gxf4 16.fxg7 Rd8 17.Ne5 Kxg7 18.Ng5 h6 19.Nh3
e6 20.Nxf4 Ne7 21.Nh5+ Kh7 22.Ra4 Ng6 23.Rg4 Nxe5 24.Nf6+ Kh8
25.Rxe5 Rf8 26.Rg6 Rxf6 27.Rxf6 Kg7 28.Rf3 Bd7 29.Re4 h5 30.Ref4
Rd8 31.Rf7+ Kg8 32.Re7 Be8 33.Rg3+ Kf8 34.Rxe6 Bf7 35.Rxc6 Bxb3
36.Rxb6 c4 37.d4 a5 38.Rg5 a4 39.Rxh5 1-0

[Event "Moscow Open 2009 B"]
[Site "www.moscowchessopen.ru"]
[Date "2009.02.08"]
[Round "9.67"]
[White "Nikologorskiy, Konstantin"]
[Black "Borisov, Evgenij"]
[Result "0-1"]
[WhiteElo "2168"]
[BlackElo "1400"]
[Annotator ""]
[Source ""]
[Remark ""]

1.c4 Nf6 2.Nc3 d6 3.g3 e5 4.Bg2 Be7 5.e4 O-O 6.Nge2 c6 7.O-O
Nbd7 8.f4 Nb6 9.d3 d5 10.fxe5 Ng4 11.exd5 cxd5 12.Nxd5 Nxd5 13.Bxd5
Nxe5 14.d4 Nc6 15.Nf4 Bf6 16.Be3 Qb6 17.Bxc6 bxc6 18.Qd2 Rd8
19.c5 Qb7 20.Nh5 Be7 21.Bh6 Rd5 22.Qf2 Bf8 23.Nf6+ gxf6 24.Bxf8
Rf5 25.Qc2 Rxf1+ 26.Rxf1 Kxf8 27.Qxh7 Be6 28.Qh8+ Ke7 29.Qxf6+
Kd7 30.b3 Re8 31.h4 Qc7 32.Kh2 Kc8 33.Re1 Qd7 34.Qe5 Rd8 35.Rd1
Bd5 36.Re1 Qg4 37.Qf4 Qxf4 38.gxf4 Be6 0-1

[Event "Moscow Open 2009 B"]
[Site "www.moscowchessopen.ru"]
[Date "2009.02.08"]
[Round "9.68"]
[White "Nefedov, Sergey"]
[Black "Grebennikov, Igor"]
[Result "1-0"]
[WhiteElo "2166"]
[BlackElo "1400"]
[Annotator ""]
[Source ""]
[Remark ""]

1.d4 Nf6 2.Nf3 g6 3.Bg5 Bg7 4.c4 h6 5.Bf4 d6 6.Nc3 Nbd7 7.Qd2
c5 8.d5 Nh5 9.Be3 Nb6 10.b3 Nf6 11.Rc1 Bf5 12.Nh4 Ne4 13.Nxe4
Bxe4 14.f3 e5 15.g3 g5 16.fxe4 gxh4 17.Bh3 Nd7 18.Bf5 Qe7 19.Qa5
a6 20.Rf1 hxg3 21.hxg3 Qd8 22.Qa4 f6 23.b4 b6 24.bxc5 bxc5 25.Rb1
Ra7 26.Bd2 Ke7 27.Ba5 Qc8 28.Rf3 h5 29.Qc6 Qxc6 30.dxc6 Rb8 31.Rbb3
Rxb3 32.Rxb3 1-0

[Event "Moscow Open 2009 B"]
[Site "www.moscowchessopen.ru"]
[Date "2009.02.08"]
[Round "9.69"]
[White "Manelyuk, Nikita"]
[Black "Khitrov, Denis"]
[Result "1/2-1/2"]
[WhiteElo "2162"]
[BlackElo "1400"]
[Annotator ""]
[Source ""]
[Remark ""]

1.e4 e6 2.d4 d5 3.Nd2 Nf6 4.e5 Nfd7 5.Bd3 c5 6.c3 Nc6 7.Ne2 Qb6
8.Nf3 cxd4 9.cxd4 Bb4+ 10.Bd2 f6 11.exf6 Nxf6 12.O-O O-O 13.Bg5
Bd7 14.Qb1 h6 15.Bf4 Ne7 16.a3 Bd6 17.Re1 Bxf4 18.Nxf4 g5 19.Ng6
Nxg6 20.Bxg6 g4 21.Ne5 Qxd4 22.Bh7+ Nxh7 23.Qg6+ 1/2-1/2

[Event "Moscow Open 2009 B"]
[Site "www.moscowchessopen.ru"]
[Date "2009.02.08"]
[Round "9.70"]
[White "Vyatkin, Aleksandr"]
[Black "Matveev, Stanislav"]
[Result "1-0"]
[WhiteElo "1400"]
[BlackElo "2161"]
[Annotator ""]
[Source ""]
[Remark ""]

1.e4 c5 2.Nf3 d6 3.d4 cxd4 4.Nxd4 Nf6 5.Nc3 g6 6.Be3 Bg7 7.Bc4
O-O 8.f3 Nc6 9.Qd2 Nd7 10.O-O-O Nb6 11.Bb3 Na5 12.h4 Nbc4 13.Bxc4
Nxc4 14.Qe2 Nxe3 15.Qxe3 Bd7 16.h5 e5 17.h6 Bh8 18.Nf5 Bxf5 19.exf5
Qd7 20.g4 Rac8 21.Ne4 Rc4 22.Rh2 Rfc8 1-0

[Event "Moscow Open 2009 B"]
[Site "www.moscowchessopen.ru"]
[Date "2009.02.08"]
[Round "9.71"]
[White "Kozlov, Vladimir N"]
[Black "Korovin, Alexander"]
[Result "0-1"]
[WhiteElo "2269"]
[BlackElo "1400"]
[Annotator ""]
[Source ""]
[Remark ""]

1.d4 Nf6 2.c4 e6 3.g3 d5 4.Nf3 dxc4 5.Qa4+ Bd7 6.Qxc4 Bc6 7.Bg2
Bd5 8.Qa4+ Qd7 9.Qxd7+ Nbxd7 10.O-O c5 11.Nc3 Bc6 12.b3 a6 13.Rd1
Rc8 14.Bb2 b5 15.dxc5 Bxc5 16.Rac1 Ke7 17.Ne1 Bxg2 18.Kxg2 Rhd8
19.Nd3 Bb6 20.Nb1 Ke8 21.Rxc8 Rxc8 22.Rc1 Rxc1 23.Nxc1 g6 24.Nd3
Ne4 25.f3 Nec5 0-1

[Event "Moscow Open 2009 B"]
[Site "www.moscowchessopen.ru"]
[Date "2009.02.08"]
[Round "9.73"]
[White "Lozbenev, Pavel"]
[Black "Velikanov, Igor"]
[Result "0-1"]
[WhiteElo "2098"]
[BlackElo "2299"]
[Annotator ""]
[Source ""]
[Remark ""]

1.d4 d5 2.c4 c6 3.Nc3 Nf6 4.cxd5 cxd5 5.Bf4 Nc6 6.e3 Bf5 7.Qb3
Na5 8.Bb5+ Bd7 9.Qa4 Nc6 10.Nf3 e6 11.O-O Nh5 12.Bg5 f6 13.Bh4
g5 14.Bg3 Nxg3 15.fxg3 a6 16.Bxc6 Bxc6 17.Qd1 Be7 18.h4 h6 19.Nd2
O-O 20.hxg5 hxg5 21.Kf2 Kg7 22.Rh1 Rh8 23.Rxh8 Qxh8 24.Qh1 Qxh1
25.Rxh1 Rc8 26.Rc1 0-1

[Event "Moscow Open 2009 B"]
[Site "www.moscowchessopen.ru"]
[Date "2009.02.08"]
[Round "9.74"]
[White "Bereznev, Andrey"]
[Black "Reshetnikov, Evgeny"]
[Result "0-1"]
[WhiteElo "2095"]
[BlackElo "2292"]
[Annotator ""]
[Source ""]
[Remark ""]

1.e4 e6 2.d4 d5 3.Nc3 Nf6 4.Bg5 Be7 5.e5 Ne4 6.Bxe7 Qxe7 7.Nxe4
dxe4 8.Qe2 b6 9.Qxe4 Qb4+ 10.Ke2 c6 11.b3 Ba6+ 12.c4 Bxc4+ 13.bxc4
Qb2+ 14.Ke3 Qxa1 15.Bd3 Qe1+ 16.Be2 O-O 17.g4 Qc1+ 18.Kf3 f5
19.exf6 Rxf6+ 20.Kg3 Na6 21.Bd3 g6 22.Ne2 Qd2 23.h4 e5 24.c5
b5 25.Bxb5 Qxa2 26.dxe5 Qa3+ 0-1

[Event "Moscow Open 2009 B"]
[Site "www.moscowchessopen.ru"]
[Date "2009.02.08"]
[Round "9.75"]
[White "Ustinov, Alexey"]
[Black "Birjukov, Sergey"]
[Result "1-0"]
[WhiteElo "2099"]
[BlackElo "2287"]
[Annotator ""]
[Source ""]
[Remark ""]

1.d4 Nf6 2.Nf3 e6 3.Bg5 Be7 4.Nbd2 d5 5.e3 O-O 6.Bd3 b6 7.Rc1
Bb7 8.Ne5 Ne4 9.Bxe7 Qxe7 10.O-O f6 11.Nef3 Nd7 12.c4 c5 13.Qc2
f5 14.cxd5 exd5 15.Bb5 f4 16.Bxd7 Qxd7 17.dxc5 bxc5 18.Nxe4 dxe4
19.Ne5 Qe6 20.exf4 Rxf4 21.Qxc5 Rf5 22.Qc7 Ba6 23.Nc6 Rg5 24.Rfd1
Bd3 25.h4 Rh5 26.Nb4 1-0

[Event "Moscow Open 2009 B"]
[Site "www.moscowchessopen.ru"]
[Date "2009.02.08"]
[Round "9.76"]
[White "Chapurin, A"]
[Black "Polonskiy, Pavel"]
[Result "1-0"]
[WhiteElo "2280"]
[BlackElo "2111"]
[Annotator ""]
[Source ""]
[Remark ""]

1.e4 c6 2.d4 d5 3.exd5 cxd5 4.Bd3 Nc6 5.c3 g6 6.Bf4 Qb6 7.Qb3
Qxb3 8.axb3 Nh6 9.Na3 Be6 10.Nb5 Kd7 11.Nf3 f6 12.Nc7 Rc8 13.Nxe6
Kxe6 14.b4 a6 15.h4 Kd7 16.O-O Nf7 17.Rfe1 e6 18.Re2 Bd6 19.Bxd6
Kxd6 20.Rd1 Rhg8 21.Nd2 g5 22.h5 f5 23.Nb3 Rc7 24.Rde1 Re7 25.Nc5
Nfd8 26.f3 h6 27.Bc2 Rge8 28.Rd1 a5 29.bxa5 Nxa5 30.b4 Nc4 31.b5
e5 32.Nb3 e4 33.fxe4 fxe4 34.Ra1 Ne6 35.g3 Ng7 36.Nc5 Nxh5 37.Kg2
Nf6 38.Bb3 Ng4 1-0

[Event "Moscow Open 2009 B"]
[Site "www.moscowchessopen.ru"]
[Date "2009.02.08"]
[Round "9.77"]
[White "Musaev, Mansur"]
[Black "Dudkin, Maxim"]
[Result "1-0"]
[WhiteElo "2266"]
[BlackElo "2104"]
[Annotator ""]
[Source ""]
[Remark ""]

1.Nf3 d5 2.d4 Nf6 3.c4 e6 4.Nc3 Be7 5.Bg5 O-O 6.e3 b6 7.cxd5
exd5 8.Bd3 Bb7 9.O-O Nbd7 10.Rc1 Re8 11.a3 a6 12.Bb1 Rc8 13.Ba2
c6 14.b4 b5 15.Bxf6 Bxf6 16.a4 Nb6 17.a5 Nc4 18.Ne1 Be7 19.Nd3
Bd6 20.Nc5 Bxc5 21.dxc5 Qg5 22.Qd4 Rcd8 23.Rcd1 Bc8 24.h4 Qe7
25.Bxc4 dxc4 26.Qf4 Qf6 27.Qxf6 gxf6 28.Ne4 Kg7 29.Nd6 Rg8 1-0

[Event "Moscow Open 2009 B"]
[Site "www.moscowchessopen.ru"]
[Date "2009.02.08"]
[Round "9.78"]
[White "Gorishniy, Yuri"]
[Black "Kazakov, Konstantin"]
[Result "1-0"]
[WhiteElo "2085"]
[BlackElo "2265"]
[Annotator ""]
[Source ""]
[Remark ""]

1.Nf3 d5 2.d4 Nf6 3.c4 e6 4.Nc3 Be7 5.Bg5 O-O 6.e3 b6 7.cxd5
exd5 8.Bd3 Bb7 9.O-O Nbd7 10.Rc1 Re8 11.a3 a6 12.Bb1 Rc8 13.Ba2
c6 14.b4 b5 15.Bxf6 Bxf6 16.a4 Nb6 17.a5 Nc4 18.Ne1 Be7 19.Nd3
Bd6 20.Nc5 Bxc5 21.dxc5 Qg5 22.Qd4 Rcd8 23.Rcd1 Bc8 24.h4 Qe7
25.Bxc4 dxc4 26.Qf4 Qf6 27.Qxf6 gxf6 28.Ne4 Kg7 29.Nd6 1-0

[Event "Moscow Open 2009 B"]
[Site "www.moscowchessopen.ru"]
[Date "2009.02.08"]
[Round "9.80"]
[White "Rossal, Valeriy I"]
[Black "Kruchev, Boris"]
[Result "0-1"]
[WhiteElo "2080"]
[BlackElo "2263"]
[Annotator ""]
[Source ""]
[Remark ""]

1.Nf3 Nf6 2.c4 c5 3.d4 cxd4 4.Nxd4 e5 5.Nc2 d5 6.cxd5 Qxd5 7.Bd2
Bc5 8.Nc3 Qe6 9.g3 Qb6 10.e3 O-O 11.Bg2 Bg4 12.f3 Bf5 13.Na4
Qb5 14.Nxc5 Qxc5 15.e4 Be6 16.Bb4 Qb6 17.Bxf8 Kxf8 18.b3 Nc6
19.Qd6+ Kg8 20.O-O-O Rc8 21.Rd2 Rd8 22.Qa3 Rxd2 23.Kxd2 Qf2+
24.Kc1 Qxg2 25.Rd1 h5 26.b4 Qxh2 27.b5 Nd4 28.Nxd4 exd4 29.Qxa7
Qxg3 30.Qxb7 Qxf3 31.Qc6 Qa3+ 0-1

[Event "Moscow Open 2009 B"]
[Site "www.moscowchessopen.ru"]
[Date "2009.02.08"]
[Round "9.82"]
[White "Kasyanov, Aysen"]
[Black "Konovalov, Viatcheslav"]
[Result "1-0"]
[WhiteElo "2257"]
[BlackElo "2086"]
[Annotator ""]
[Source ""]
[Remark ""]

1.e4 e5 2.Nf3 Nc6 3.d4 exd4 4.Bc4 Bc5 5.c3 Qe7 6.O-O d3 7.b4
Bb6 8.Qb3 d6 9.Bg5 Nf6 10.Nbd2 Be6 11.a4 a5 12.b5 Nd8 13.e5 dxe5
14.Nxe5 h6 15.Bh4 g5 16.Bg3 Nh5 17.Rae1 Nxg3 18.hxg3 O-O 19.Nxd3
Bxc4 20.Qxc4 Ne6 21.Ne5 Qd6 22.Re2 Rad8 23.Qg4 Ng7 24.Qf3 Qa3
25.g4 Qxa4 1-0

[Event "Moscow Open 2009 B"]
[Site "www.moscowchessopen.ru"]
[Date "2009.02.08"]
[Round "9.83"]
[White "Grigoriev, Radimir"]
[Black "Kotov, Andrey"]
[Result "1-0"]
[WhiteElo "2065"]
[BlackElo "2254"]
[Annotator ""]
[Source ""]
[Remark ""]

1.e4 Nf6 2.e5 Nd5 3.Nf3 d6 4.exd6 cxd6 5.h3 g6 6.d4 Bg7 7.c4
Nb6 8.Nc3 Nc6 9.Be3 O-O 10.Be2 Bf5 11.O-O Rc8 12.Nh4 Bd7 13.b3
e5 14.Nf3 f5 15.Bg5 Qe8 16.Nb5 Nxd4 17.Nfxd4 exd4 18.Nxd6 Qe5
19.Nxc8 Bxc8 20.Bd2 d3 21.Bf3 Qxa1 22.Qxa1 Bxa1 23.Rxa1 f4 24.Bc3
Nd7 1-0

[Event "Moscow Open 2009 B"]
[Site "www.moscowchessopen.ru"]
[Date "2009.02.08"]
[Round "9.84"]
[White "Merezhko, Igor"]
[Black "Andronov, Ilya"]
[Result "1-0"]
[WhiteElo "2254"]
[BlackElo "2091"]
[Annotator ""]
[Source ""]
[Remark ""]

1.e4 c5 2.Nf3 e6 3.d4 cxd4 4.Nxd4 Nf6 5.Bd3 Nc6 6.Nxc6 bxc6 7.O-O
d5 8.exd5 cxd5 9.c4 Be7 10.Nd2 O-O 11.Nf3 Bb7 12.Bf4 dxc4 13.Bxc4
Qb6 14.Qe2 Bxf3 15.gxf3 Qd4 16.Bg3 Nh5 17.Be5 Qh4 18.Qe4 Qg5+
19.Kh1 Nf6 20.Qe3 Qxe3 21.fxe3 Nd7 22.Bg3 Bf6 23.Rab1 Ne5 24.Be2
Rfd8 25.Rfd1 Rxd1+ 26.Rxd1 Rc8 27.Ba6 Rc6 28.Bb7 Rb6 29.Be4 g6 1-0

[Event "Moscow Open 2009 B"]
[Site "www.moscowchessopen.ru"]
[Date "2009.02.08"]
[Round "9.86"]
[White "Gansvind, Valeriya I"]
[Black "Dubonosov, Evgenij"]
[Result "1/2-1/2"]
[WhiteElo "2244"]
[BlackElo "2082"]
[Annotator ""]
[Source ""]
[Remark ""]

1.d4 d5 2.Nf3 Nf6 3.Bg5 Ne4 4.Bf4 Bf5 5.e3 e6 6.Nbd2 Bd6 7.Nxe4
Bxe4 8.Bg3 Bxg3 9.hxg3 Qd6 10.c3 Nd7 11.Ng5 Bg6 12.Bd3 Bxd3 13.Qxd3
h6 14.O-O-O Qe7 15.Nf3 O-O-O 16.e4 Rhe8 17.e5 c5 18.Kb1 Nb6 19.Rh4
Kb8 20.Qh7 cxd4 21.Nxd4 Rg8 22.Rg4 Qf8 23.Rf4 Re8 24.Qc2 Qe7 1/2-1/2

[Event "Moscow Open 2009 B"]
[Site "www.moscowchessopen.ru"]
[Date "2009.02.08"]
[Round "9.87"]
[White "Bolshakov, Dmitry"]
[Black "Borodin, Stanislav"]
[Result "1-0"]
[WhiteElo "2217"]
[BlackElo "2077"]
[Annotator ""]
[Source ""]
[Remark ""]

1.e4 c6 2.d4 d5 3.exd5 cxd5 4.Bd3 Nf6 5.c3 Bg4 6.Qb3 Qc8 7.Bf4
Nc6 8.Nd2 e6 9.Ngf3 Be7 10.O-O O-O 11.Rfe1 Bh5 12.Ne5 Nxe5 13.Bxe5
Bg6 14.Bxg6 hxg6 15.Qd1 Nd7 16.Qg4 Re8 17.Re3 Nf8 18.Rh3 f6 19.Bf4
Qd7 20.Nf3 Bd6 21.Bxd6 Qxd6 22.Nh4 g5 23.Nf3 Qf4 24.Qh5 Qf5 25.Ne5
fxe5 26.Qh8+ Kf7 27.Rf3 Qxf3 28.gxf3 Ng6 29.Qh5 exd4 30.cxd4
Kf6 31.Re1 Nf4 32.Qg4 Rh8 33.Re5 Rh5 34.h4 Rah8 35.hxg5+ 1-0

[Event "Moscow Open 2009 B"]
[Site "www.moscowchessopen.ru"]
[Date "2009.02.08"]
[Round "9.88"]
[White "Kuznetsov, Mikhail V"]
[Black "Borisovsky, Viktor"]
[Result "*"]
[WhiteElo "2196"]
[BlackElo "2041"]
[Annotator ""]
[Source ""]
[Remark ""]

1.d4 e6 2.Nf3 f5 3.c4 Nf6 4.Nc3 Bb4 5.g3 O-O 6.Bg2 Bxc3+ 7.bxc3
d6 8.O-O Qe7 9.Re1 e5 10.c5 e4 11.cxd6 cxd6 12.Ng5 h6 13.Qb3+
Kh8 14.Nh3 Be6 15.c4 Bf7 16.Ba3 Nc6 17.Qc3 b5 18.e3 Rfc8 19.Bf1
Na5 20.Qb4 Bxc4 21.Nf4 Kh7 22.Qxd6 Qxd6 23.Bxd6 g5 24.Ne2 Bd3
25.Rec1 Nc4 26.Be5 Ng4 27.Nc3 Ngxe5 28.dxe5 Nxe5 29.Nd5 Bxf1
30.Rxf1 Rc5 31.f4 Nf3+ 32.Rxf3 exf3 33.Rd1 Rac8 *